Balance sheet as at 18th June 1935 and revenue account for the year ended 18th June 1935 (Record no. 114324)

MARC details
000 -LEADER
fixed length control field 00741ctm a22002055a 4500
001 - CONTROL NUMBER
control field L156616
008 - FIXED-LENGTH DATA ELEMENTS--GENERAL INFORMATION
fixed length control field 120612s1935 xxk f 000 0 eng d
035 ## - SYSTEM CONTROL NUMBER
System control number (Sirsi) u156616
041 0# - LANGUAGE CODE
Language code of text/sound track or separate title eng
110 2# - MAIN ENTRY--CORPORATE NAME
Corporate name or jurisdiction name as entry element Edward Erdman and Co.
9 (RLIN) 5456
245 00 - TITLE STATEMENT
Title Balance sheet as at 18th June 1935 and revenue account for the year ended 18th June 1935
260 ## - PUBLICATION, DISTRIBUTION, ETC.
Date of publication, distribution, etc. 1935
300 ## - PHYSICAL DESCRIPTION
Extent 1 folder
Dimensions 24 cm.
520 ## - SUMMARY, ETC.
Summary, etc. Balance sheet and revenue account for the year ended 18 June 1935. Also includes a schedule of commissions receivable from the letting of various properties in London.
651 #4 - SUBJECT ADDED ENTRY--GEOGRAPHIC NAME
Geographic name Great Britain
Chronological subdivision 1707-
690 ## - LOCAL SUBJECT ADDED ENTRY--TOPICAL TERM (OCLC, RLIN)
Topical term or geographic name as entry element Commercial property
9 (RLIN) 6227
690 ## - LOCAL SUBJECT ADDED ENTRY--TOPICAL TERM (OCLC, RLIN)
Topical term or geographic name as entry element Business and management
710 1# - ADDED ENTRY--CORPORATE NAME
Corporate name or jurisdiction name as entry element Vincent & Goodrich
942 ## - ADDED ENTRY ELEMENTS (KOHA)
Suppress in OPAC 0
Holdings
Withdrawn status Lost status Source of classification or shelving scheme Damaged status Not for loan Home library Current library Shelving location Date acquired Total Checkouts Full call number Barcode Date last seen Copy number Price effective from Koha item type
    Dewey Decimal Classification     Historic collection Historic collection RICS Boxes 12/06/2012   RICS 1935/51 30076516 06/08/2019 1 06/08/2019 Archive